شخصيات من تاريخية من سقراط إلى راسبوتين / (رقم التسجيلة. 7579)

تفاصيل مارك
000 -LEADER
fixed length control field 00445nam a22001577a 4500
005 - DATE AND TIME OF LATEST TRANSACTION
control field 20251108164243.0
008 - FIXED-LENGTH DATA ELEMENTS--GENERAL INFORMATION
fixed length control field 250721s1974 xx 000 0 ara d
082 14 - DEWEY DECIMAL CLASSIFICATION NUMBER
Classification number 920/علي
100 1# - MAIN ENTRY--PERSONAL NAME
Personal name أدهم، علي
245 10 - TITLE STATEMENT
Title شخصيات من تاريخية من سقراط إلى راسبوتين /
264 1# - PRODUCTION, PUBLICATION, DISTRIBUTION, MANUFACTURE, AND COPYRIGHT NOTICE
Place of production, publication, distribution, manufacture بيروت :
Name of producer, publisher, distributor, manufacturer دار القدس،
Date of production, publication, distribution, manufacture, or copyright notice 1974.
300 ## - PHYSICAL DESCRIPTION
Extent 238 ص
650 17 - SUBJECT ADDED ENTRY--TOPICAL TERM
Topical term or geographic name as entry element التراجم
942 ## - ADDED ENTRY ELEMENTS (KOHA)
Source of classification or shelving scheme Dewey Decimal Classification
Koha item type كتب
المقتنيات
حالة السحب حالة الفقدان مصدر التصنيف حالة التلف غير قابل للإعارة المكتبة الرئيسية المكتبة الحالية موقع الرف تاريخ التزويد الرقم المتسلسل Total Checkouts رقم الإستدعاء الباركود تاريخ آخر ظهور تاريخ الفاتورة نوع المادة (كوها)
    Dewey Decimal Classification     المكتبة المركزية المكتبة المركزية الإعارة 06/07/2004 51771   920/علي 51771 28/07/2025 06/07/2004 كتب
Implemented & Customized by: BBB with SCIT (Smart Chains for Information Technology)

Powered by Koha